000 00211 a2200097 4500
001 43566
100 _aBarrie
245 _aAdmirable crichton
260 _aLondon
_bHodder & Stoughton
_c
090 _c27381
_d27381
942 _aNUST-CAE
_cM
_c19315
999 _c278639
_d278639